000 01466aam a2200337 i 4500
001 768714001
003 CO-MdFUSB
005 20250520144022.0
007 ta
008 250520t2003 sp |||| |||| 00| 0 spa d
020 _a84-301-1402-5
040 _cCO-MdFUSB
041 0 _aspa
_hita
082 0 4 _223
_a248.4
_bC395v
100 1 _aCencini, Amedeo
_eautor
240 _aCom'è bello stare insieme
245 1 0 _aVida en comunidad :
_breto y maravilla
_c/ Amedeo Cencini ; traducido por José María Hernández Blanco
250 _asegunda edición
264 1 _bEdiciones Sígueme,
_aSalamanca, España :
_c[2003]
264 4 _c©2003
300 _a262 páginas
336 _atexto
_btxt
_2rdacontent
337 _2rdamedia
_asin mediación
_bn
338 _2rdacarrier
_avolumen
_bnc
505 _aPRIMERA PARTE: la vida consagrada en diálogo con la iglesia y con el mundo: de la torre de Babel a la escala de Jacob: La torre de Babel - De la paternidad a la fraternidad espiritual - La escala de Jacob - La escala del deseo.
_aSEGUNDA PARTE: La vida consagrada en diálogo consigo misma. Comunicar, comulgar, compartir: - La comunicación en la comunidad: situación y perspectivas - De la comunicación a la comunión - Compartir, un sueño que puede convertirse en realidad.
563 _aRústico
650 0 _aVida cristiana
_919
700 _aHernández Blanco, José María,
_910693
_etraductor
942 _cBK
945 _aJTF-925
999 _c43394
_d43394